Letters-In-Acronyms Quiz Stats

 Plays Quiz Updated Oct 25, 2016

Score 0/25 Timer 04:00
1 Play Today
Question Answer Wrong Answers
'U' in scuba
(as in diving)
Underwater
97.1%
Uniform
1.1%
Unregulated
1.2%
United
0.3%
'T' in NATO
(the intergovernmental military alliance)
Treaty
96%
Truth
0.8%
Treason
1%
Terror
2%
'F' in NFL
(the North American sports entity)
Football
95.9%
Federal
0.9%
Field
0.3%
Foundation
0.6%
'S' in UPS
(the parcel company)
Service
92%
System
4.1%
Standard
1.4%
Speed
0.6%
The first 'F' in FIFA
(the international soccer organization)
Fédération
75.5%
Football
9.9%
Free
0.8%
Federal
11.2%
'M' in IBM
(the corporation)
Machines
75.1%
Manufacturing
18%
Metals
0.3%
Motors
2.5%
'R' in USSR
(the socialist state that existed from 1922 to 1991)
Republics
73%
Russia
23.5%
Revolutionary
1.2%
Remain
0.1%
'W' in TWA
(the now-defunct airline)
World
68.1%
West
13.1%
Wide
3.5%
Wings
6.8%
'C' in CNN
(the broadcasting company)
Cable
66.9%
Central
19.6%
Corporation
4.9%
Canadian
2.8%
'D' in radar
(as coined by the United States Navy)
Detection
65.2%
Dense
1.1%
Depth
9.1%
Doppler
23%
'H' in VHS
(the video recording system)
Home
65.1%
High
26.4%
Hologram
3.9%
Human
0.6%
'E' in laser
(the device that emits light through optical amplification)
Emission
64.3%
Energy
26.7%
Echo
5.2%
Estimated
0.5%
'M' in H&M
(the clothing retailer)
Mauritz
60.6%
Mary
19.1%
Mighty
7.8%
Mixed
4.9%
'A' in AOL
(the internet and media company)
America
59.9%
American
33.1%
Americas
1.7%
Americanized
0.6%
'S' in ISBN
(the number used to identify books)
Standard
58%
System
30.9%
Short
2.9%
Society
2%
'T' in CIVETS
(the six 'emerging markets')
Turkey
50.3%
Tunisia
6%
Thailand
35.4%
Tanzania
5%
'A' in AIDS
(the disease cause by HIV)
Acquired
42.6%
Acute
5.3%
Atypical
0.7%
Autoimmune
44.3%
'O' in OPEC
(the intergovernmental organization)
Organization
38.1%
Oil
44.9%
Overseas
7.5%
Official
5%
'S' in SIM
(the card inside your phone)
Subscriber
35.6%
Super
5.3%
System
40.8%
Sender
11.5%
'C' in UNESCO
(the specialized agency of the United Nations)
Cultural
31.3%
Children
27.9%
Countries
15.2%
Commission
21.8%
'F' in FOB
(shipping / international trade term)
Free
29.6%
Freight
63.7%
Formal
2.1%
Functional
3.6%
'I' in ZIP code
(the group of numbers attached to a postal address)
Improvement
20.1%
International
30.1%
Internal
40.1%
Iterative
4.2%
The second 'A' in NASDAQ
(stock market)
Automated
18%
American
29.9%
Authority
15.2%
Association
27.6%
'I' in ASICS
(the sportswear brand)
In
14.3%
Inner
7.5%
Innovation
37.9%
International
32.3%
'E' in JPEG
(the image format)
Experts
9.2%
Emission
2.5%
Evaluation
1.3%
Embedded
81.9%

You're not logged in!

Compare scores with friends on all Sporcle quizzes.
OR
Log In

Show Comments

Extras

Top Quizzes Today


Score Distribution

Your Account Isn't Verified!

In order to create a playlist on Sporcle, you need to verify the email address you used during registration. Go to your Sporcle Settings to finish the process.

Report this User

Report this user for behavior that violates our Community Guidelines.

Details: